000
00267nam a2200109Ia 4500
008
190911s9999||||xx |||||||||||||| ||und||
100
_a
Richard Hodge
245
0
_a
Exploring artificial Intelligence
260
_a
Washington
_b
Pearson
_c
1985
300
_a
693
942
_c
BK
999
_c
6722
_d
6722